Statistics for 中國歷代著名宰相

Click here to take the quiz!

General Stats

  • This quiz has been taken 27 times
  • The average score is 35 of 40

Answer Stats

宰相朝代生卒% Correct
于謙明朝1398 CE - 1457 CE
100%
張居正明朝1525 CE - 1582 CE
96%
和珅清朝1750 CE - 1799 CE
96%
商鞅戰國時期秦國390 BCE - 338 BCE
96%
狄仁傑唐朝、武周630 CE - 700 CE
96%
胡惟庸明朝? - 1380 CE
92%
管仲春秋時期齊國725 BCE - 645 BCE
92%
秦檜南宋1091 CE - 1155 CE
92%
王安石北宋1021 CE - 1086 CE
92%
伊尹商朝1649 BCE - 1549 BCE
92%
李斯秦朝284 BCE - 208 BCE
92%
曹操東漢155 CE - 220 CE
92%
房玄齡唐朝579 CE - 648 CE
92%
李鴻章清朝1823 CE - 1901 CE
92%
左宗棠清朝1812 CE - 1885 CE
92%
司馬昭曹魏211 CE - 265 CE
92%
司馬光北宋1019 CE - 1086 CE
92%
鰲拜清朝1610 CE - 1669 CE
88%
文天祥南宋1236 CE - 1283 CE
88%
曾國藩清朝1811 CE - 1872 CE
88%
趙高秦朝258 BCE - 207 BCE
88%
諸葛亮蜀漢181 CE - 234 CE
88%
藺相如戰國時期趙國315 BCE - 260 BCE
88%
楊國忠唐朝700 CE - 756 CE
88%
蕭何西漢257 BCE - 193 BCE
88%
魏徵唐朝580 CE - 643 CE
85%
范仲淹北宋989 CE - 1052 CE
85%
張之洞清朝1837 CE - 1909 CE
85%
呂不韋戰國時期秦國292 BCE - 235 BCE
85%
杜如晦唐朝585 CE - 630 CE
85%
耶律楚材元朝1190 CE - 1244 CE
85%
史可法明朝1602 CE - 1645 CE
81%
陸秀夫南宋1237 CE - 1279 CE
81%
姚崇唐朝651 CE - 721 CE
73%
賈似道南宋1213 CE - 1275 CE
73%
寇準北宋961 CE - 1023 CE
73%
陳平西漢? - 178 BCE
73%
韓侂冑南宋1152 CE - 1207 CE
65%
李德裕唐朝787 CE - 849 CE
65%
宋璟唐朝663 CE - 737 CE
62%

Score Distribution

Percentile by Number Answered

Percent of People with Each Score

Your Score History

You have not taken this quiz